| 000 | 00523nam a2200193Ia 4500 | ||
|---|---|---|---|
| 003 | GCL | ||
| 008 | 140319s9999 xx 000 0 ara d | ||
| 040 |
_aGCL / _cGCL |
||
| 082 | 0 | 4 |
_aق _b908 _bم ت |
| 100 | 1 | _aماجد احمد | |
| 245 | 1 | 0 |
_aالتاريخ بين يديك / _cماجد احمد |
| 260 |
_a[S.N] : _bدار المناهل للطباعة والنشر ، _c1992 |
||
| 300 | _a262 ص | ||
| 490 | _a | ||
| 650 | 0 | 4 | _aتاريخ |
| 650 | 0 | 4 | _aالحضارة |
| 650 | 0 | 4 | _aالعالم |
| 942 |
_2ddc _cBK |
||
| 999 |
_c57736 _d57736 |
||